LEADER 00865nam0 2200277 450 001 000007887 005 20071022120001.0 100 $a20070523d1946----km-y0itay50------ba 101 0 $aita 102 $aIT 105 $ay-------001yy 200 1 $a<>sistema elettorale elvetico$fa cura di Vincenzo Gueli 210 $aFirenze$cSansoni$d1946 215 $a288 p.$d18 cm 225 2 $aTesti e documenti costituzionali$v42 410 0$12001$aTesti e documenti costituzionali$v42 610 1 $aElezioni - Legislazione - Svizzera 676 $a342.49$v20 702 1$aGueli,$bVincenzo 710 01$aSvizzera$0361835 801 0$aIT$bUNIPARTHENOPE$c20070523$gRICA$2UNIMARC 912 $a000007887 951 $aTDC 340/42$b7908$cNAVA1$d2007 951 $aTDC 340/42 (1)$bs. i.$cNAVA1$d2007 996 $aSistema elettorale elvetico$9601210 997 $aUNIPARTHENOPE